The enterprise university :power, governance, and reinvention in Australia / (Record no. 3719)

000 -LEADER
fixed length control field 01408cam a22003494a 4500
001 - CONTROL NUMBER
control field 12028032
003 - CONTROL NUMBER IDENTIFIER
control field OSt
005 - DATE AND TIME OF LATEST TRANSACTION
control field 20161109130125.0
008 - FIXED-LENGTH DATA ELEMENTS--GENERAL INFORMATION
fixed length control field 000602s2000 enk b 001 0 eng
010 ## - LIBRARY OF CONGRESS CONTROL NUMBER
LC control number 00044438
020 ## - INTERNATIONAL STANDARD BOOK NUMBER
International Standard Book Number 0521791189
020 ## - INTERNATIONAL STANDARD BOOK NUMBER
International Standard Book Number 052179448X (pbk.)
040 ## - CATALOGING SOURCE
Original cataloging agency DLC
Transcribing agency DLC
Modifying agency DLC
042 ## - AUTHENTICATION CODE
Authentication code pcc
043 ## - GEOGRAPHIC AREA CODE
Geographic area code u-at---
050 00 - LIBRARY OF CONGRESS CALL NUMBER
Classification number LB2341.8.M27 2000
082 00 - DEWEY DECIMAL CLASSIFICATION NUMBER
Classification number 378.94
Edition number 21
100 1# - MAIN ENTRY--PERSONAL NAME
Personal name Marginson, Simon,
Dates associated with a name 1951-
245 14 - TITLE STATEMENT
Title The enterprise university :power, governance, and reinvention in Australia /
Statement of responsibility, etc Simon Marginson, Mark Considine.
260 ## - PUBLICATION, DISTRIBUTION, ETC. (IMPRINT)
Place of publication, distribution, etc Cambridge, UK ;
-- New York :
Name of publisher, distributor, etc Cambridge University Press,
Date of publication, distribution, etc 2000.
300 ## - PHYSICAL DESCRIPTION
Extent xiii, 272 p. ;
Dimensions 24 cm.
504 ## - BIBLIOGRAPHY, ETC. NOTE
Bibliography, etc Includes bibliographical references (p. 254-266) and index.
650 #0 - SUBJECT ADDED ENTRY--TOPICAL TERM
Topical term or geographic name as entry element Universities and colleges
Geographic subdivision Australia
General subdivision Administration.
650 #0 - SUBJECT ADDED ENTRY--TOPICAL TERM
Topical term or geographic name as entry element Universities and colleges
Geographic subdivision Australia
General subdivision Finance.
650 #0 - SUBJECT ADDED ENTRY--TOPICAL TERM
Topical term or geographic name as entry element Education, Higher
General subdivision Social aspects
Geographic subdivision Australia.
700 1# - ADDED ENTRY--PERSONAL NAME
Personal name Considine, Mark,
Dates associated with a name 1953-
856 42 - ELECTRONIC LOCATION AND ACCESS
Materials specified Publisher description
Uniform Resource Identifier <a href="http://www.loc.gov/catdir/description/cam021/00044438.html">http://www.loc.gov/catdir/description/cam021/00044438.html</a>
856 41 - ELECTRONIC LOCATION AND ACCESS
Materials specified Table of contents
Uniform Resource Identifier <a href="http://www.loc.gov/catdir/toc/cam027/00044438.html">http://www.loc.gov/catdir/toc/cam027/00044438.html</a>
906 ## - LOCAL DATA ELEMENT F, LDF (RLIN)
a 7
b cbc
c orignew
d 1
e ocip
f 19
g y-gencatlg
942 ## - ADDED ENTRY ELEMENTS (KOHA)
Source of classification or shelving scheme
Koha item type Book
Holdings
Withdrawn status Lost status Source of classification or shelving scheme Damaged status Not for loan Home library Current library Shelving location Date acquired Total Checkouts Full call number Barcode Date last seen Copy number Price effective from Koha item type
          Riara University Library Riara University Library General stack 09/11/2016   LB2341.8.M27 2000 8512/16 09/11/2016 C.1 09/11/2016 Book

Riara University Library,
P.O. Box 49940-00100,
Nairobi, Kenya.